John Malkovich Movies by Picture - Statistics

General Stats
  • This quiz has been taken 10 times
  • The average score is 6 of 16
Answer Stats
Picture Answer % Correct
Being John Malkovich
100%
Con Air
100%
Johnny English
78%
Empire of the Sun
56%
Of Mice and Men
56%
Deepwater Horizon
44%
RED
44%
The Killing Fields
33%
Mile 22
22%
The Hitchhiker's Guide to the Galaxy
22%
The Man in the Iron Mask
22%
Transformers: Dark Side of the Moon
22%
Burn After Reading
11%
Eragon
0%
Unlocked
0%
Velvet Buzzsaw
0%
No matching quizzes found
Score Distribution
Percent of People with Each Score
Percentile by Number Answered
Your Score History
You have not taken this quiz